| 000 | 00506nam a22001697a 4500 | ||
|---|---|---|---|
| 003 | PILC | ||
| 005 | 20150112093425.0 | ||
| 008 | 130215t xxu||||| |||| 00| 0 eng d | ||
| 020 | _a9712712346 | ||
| 050 |
_aHD 9672 _b.Ib12 2002 |
||
| 082 |
_aSFf 338.47 _bIb15 2002 |
||
| 100 |
_aIbaƱez, Rodolfo G. _911505 |
||
| 245 |
_aBayanihan _bthe many great lessons of United Laboratories, Inc. / _cRodolfo G. Ibanez |
||
| 260 |
_aManila _bAnvil _c2002. |
||
| 300 |
_a 221 pages : _bill. _c22 cm. |
||
| 942 |
_2lcc _cBK |
||
| 999 |
_c14180 _d14180 |
||